000 00806nam a2200253Ia 4500
003 OSt
005 20221005034838.0
006 a|||||r|||| 00| 0
007 ta
008 221004b |||||||| |||| 00| 0 eng d
020 _a9788175966284 (hbk)
_c950
024 _a96198
037 _b8279, 09/02/2009, Elite Publishers Distributors
_cTextual
040 _aCRL
_cCRL
_beng
041 _2eng
_aeng
082 _aP.2, P9
100 _aChaudhary Shreesh
_9458657
245 0 _aForeiners and foreign language in India
_b A sociolinguistic history
260 _aDelhi
_bFoundation Books India
_c2009
300 _axiii, 586p.
_ccm.
650 _aLINGUISTICS
942 _hP.2, P9
_cTEXL
_2cc
999 _c944198
_d944198